000 00612njm a2200253 c 4500
003 BLK
005 20240523094317.0
008 180410b bul||n||s|||||||| n|bulo|
010 _aCDD00004067000
040 _aBLK
041 _aDRU
_cDRU
100 1 _aFleck, Bela
_eпърви автор
_9354701
139 _aFleck, Bela
_bF 65
245 1 0 _aPerpetual motion
_cBela Fleck.
257 _aBGR
380 _a7
590 _aS.N: 105094 от КНИГИ
852 _aЦб CD 561
_p0
856 4 _qpdf
_u
856 4 _qpdf
_u
942 _cCDD
_n0
944 _aED
_c25.02.2003
_k30545
_lНора Радева
999 _c222065
_d222065
999 _d222065